Normal view
MARC view
- الاتحاد السوفييتي- التاريخ-القرن العشرين
Entry Topical Term
001 - CONTROL NUMBER
- control field: 39496
003 - CONTROL NUMBER IDENTIFIER
- control field: JO-AjAnu
005 - DATE AND TIME OF LATEST TRANSACTION
- control field: 20230606080552.0
008 - FIXED-LENGTH DATA ELEMENTS
- fixed length control field: 230606|| aca||aabn | a|a d
040 ## - CATALOGING SOURCE
- Original cataloging agency: JO-AjAnu
- Transcribing agency: JO-AjAnu
150 ## - HEADING--TOPICAL TERM
- Topical term or geographic name entry element: الاتحاد السوفييتي- التاريخ-القرن العشرين
670 ## - SOURCE DATA FOUND
- Source citation: Work cat.: (JO-AjAnu)20253: بوكوفسكي، فلاديمير؛ ترجمة جديد، فؤاد, author 39495, الإتحاد السوفييتي من اليونوبيا الى الكارثة